Understanding reading and writing research / (Record no. 45247)

MARC details
000 -LEADER
fixed length control field 00752nam a22002177a 4500
008 - FIXED-LENGTH DATA ELEMENTS--GENERAL INFORMATION
fixed length control field 151026b xxu||||| |||| 00| 0 eng d
020 ## - INTERNATIONAL STANDARD BOOK NUMBER
International Standard Book Number 0205084230
050 ## - LIBRARY OF CONGRESS CALL NUMBER
Classification number LB1050.6
Item number .K24 1985
100 ## - MAIN ENTRY--PERSONAL NAME
Personal name Kamil, Michael L
245 ## - TITLE STATEMENT
Title Understanding reading and writing research /
Statement of responsibility, etc Michael L. Kamil, Judith A. Langer, Timothy Shanahan
260 ## - PUBLICATION, DISTRIBUTION, ETC. (IMPRINT)
Place of publication, distribution, etc Boston :
Name of publisher, distributor, etc Allyn and Bacon,
Date of publication, distribution, etc 1985
300 ## - PHYSICAL DESCRIPTION
Extent xv, 199 p. :
Other physical details ill. ;
Dimensions 25 cm
500 ## - GENERAL NOTE
General note Includes bibliographies and indexes
650 ## - SUBJECT ADDED ENTRY--TOPICAL TERM
Topical term or geographic name as entry element Reading
General subdivision Research
-- Methodology
650 ## - SUBJECT ADDED ENTRY--TOPICAL TERM
Topical term or geographic name as entry element Language arts
General subdivision Research
-- Methodology
650 ## - SUBJECT ADDED ENTRY--TOPICAL TERM
Topical term or geographic name as entry element Educational statistics
650 ## - SUBJECT ADDED ENTRY--TOPICAL TERM
Topical term or geographic name as entry element Educational surveys
700 ## - ADDED ENTRY--PERSONAL NAME
Personal name Langer, Judith A
700 ## - ADDED ENTRY--PERSONAL NAME
Personal name Shanahan, Timothy
942 ## - ADDED ENTRY ELEMENTS (KOHA)
Source of classification or shelving scheme Library of Congress Classification
Item type Book
Holdings
Withdrawn status Lost status Source of classification or shelving scheme Damaged status Not for loan Collection code Home library Current library Shelving location Date acquired Source of acquisition Total Checkouts Full call number Barcode Copy number Price effective from Koha item type
    Library of Congress Classification     Non-fiction Nakuru Campus Nakuru Campus General Circulation 26/10/2015 Donation   LB1050.6 .K24 1985 044595 1 26/10/2015 Book